| 000 | 00586nam a2200205Ia 4500 | ||
|---|---|---|---|
| 005 | 20250923145912.0 | ||
| 008 | 008 250917s9999 xx 000 0 eng d | ||
| 037 | _aTextual | ||
| 040 |
_aDSWL _beng _cDSWL |
||
| 041 |
_aeng _2eng |
||
| 084 |
_aY31:434.2, N91 _qDSWL |
||
| 100 |
_aBhattacharya, N. _9840111 |
||
| 245 | 0 |
_aPoverty, Inesuality & prices in rural India _c by N.Bhattacharya |
|
| 260 |
_aNew Delhi _bSage Vistaar _c1991 |
||
| 300 | _a236p. | ||
| 365 |
_aINR _b245.00 |
||
| 925 | _g245.00 | ||
| 942 |
_cTEXL _hY31:434.2, N91 |
||
| 999 |
_c1457140 _d1457140 |
||